000 00868nam a2200217 a 4500
001 78771
003 BD-RjUL
005 20211209083154.0
008 211114s20062003ua ||||| |||| 001 e ara d
035 _a(BD-RjUL)
040 _aBD-RjUL
_beng
_cBD-RjUL
041 _aara
082 _223
_a892.709
_bMAN 2006
100 1 _aمندور، محمد.;; Mandour, Muhammad.
_9247227
245 1 4 _aالنقد و النقاد المعاصرين : حسين المرصفي-ميخائيل نعيمة-عبدالرحمن شكري ;; alnaqd w alnuqaad almueasirin : husayn almursafi-mikhayiyl naeimat-eabdalrahman shukri /
_cمحمد مندور ;; Mohamad Mandour
250 _a5th. edition
260 _aMisr :
_bدار نهضة مصر، ;; dar nahdat masra,
_c2006
300 _a191 p. ;
_c19 cm
650 _aArabic Literature
_vhistory and criticism
_9249937
942 _2ddc
_cBK
999 _c78771
_d78771